000 00511nam a2200169Ia 4500
999 _c26947
_d26947
003 OSt
005 20201222124254.0
008 190216s9999||||xx |||||||||||||| ||und||
040 _coclc
082 _a894.8128
_bNAM/S
100 _aNamboodiri, A P P
_96703
245 0 _aS K Pottakkad :
_bAnusmaranavum Padanavum /
_cA P P Namboodiri
260 _bPoorna Publications,
_aKozhikode:
_c1982.
300 _a144p
650 _aMalayalam
942 _cBK
_2ddc
_h894.8128
_iNAM/S
_k894.8128
_mNAM/S